Reálie rusky hovoriacich krajín a Slovenska

Guardado en:
Detalles Bibliográficos
Autor principal: Koreňková, Tatjana V.
Autor Corporativo: Ekonomická univerzita v Bratislave. Fakulta aplikovaných jazykov
Otros Autores: Koreňkov, Alexandr V., Strelková, Katarína, Kvapil, Roman, 1971-, Dulebová, Irina, Charfaoui, Emília
Formato: Libro
Lenguaje:ruso
Publicado: Bratislava Vydavateľstvo EKONÓM 2020
Edición:2. opravené a doplnené vydanie
Materias:
Etiquetas: Agregar Etiqueta
Sin Etiquetas, Sea el primero en etiquetar este registro!

MARC

LEADER 00000nam a2200000 4500
001 0268287
005 20240502074216.2
020 |a 978-80-225-4706-2 
041 0 |a rus 
044 |a SK 
245 1 0 |a Reálie rusky hovoriacich krajín a Slovenska  |c Tatjana V. Koreňková, Alexandr V. Koreňkov, Katarína Strelková, Roman Kvapil ; recenzenti: Irina Dulebová, Emília Charfaoui 
250 |a 2. opravené a doplnené vydanie 
264 1 |a Bratislava  |b Vydavateľstvo EKONÓM  |c 2020 
300 |a 276 s. [12,5 AH] 
610 2 0 |a jazykoveda 
610 2 0 |a terminológia 
610 2 0 |a jazyky cudzie 
610 2 0 |a ruština 
610 2 0 |a reálie 
610 2 0 |a geografia 
610 2 0 |a systémy politické 
610 2 0 |a vzdelávanie 
610 2 0 |a financie 
610 2 0 |a bankovníctvo 
610 2 0 |a história 
610 2 0 |a globalizácia 
610 2 0 |a Rusko 
610 2 0 |a Slovensko 
610 2 0 |a Európska únia 
100 1 |a Koreňková, Tatjana V. 
700 1 |a Koreňkov, Alexandr V. 
700 1 |a Strelková, Katarína 
700 1 |a Kvapil, Roman, 1971- 
700 1 |a Dulebová, Irina 
700 1 |a Charfaoui, Emília 
710 2 |a Ekonomická univerzita v Bratislave. Fakulta aplikovaných jazykov